Dead reckoning : (Record no. 554019)
[ view plain ]
| 000 -LEADER | |
|---|---|
| fixed length control field | 01409cam a22002294a 4500 |
| 020 ## - INTERNATIONAL STANDARD BOOK NUMBER | |
| International Standard Book Number | 0231701640 (alk. paper) |
| 020 ## - INTERNATIONAL STANDARD BOOK NUMBER | |
| International Standard Book Number | 9780231701648 (alk. paper) |
| 082 00 - DEWEY DECIMAL CLASSIFICATION NUMBER | |
| Classification number | 954.92046 |
| Author Mark | BOS |
| -- | D, N-02,P-100 |
| 100 1# - MAIN ENTRY--PERSONAL NAME | |
| Personal name | Bose, Sarmila. |
| 9 (RLIN) | 51292 |
| 245 10 - TITLE STATEMENT | |
| Title | Dead reckoning : |
| Remainder of title | memories of the 1971 Bangladesh War / |
| Statement of responsibility, etc. | Sarmila Bose. |
| 260 ## - PUBLICATION, DISTRIBUTION, ETC. | |
| Place of publication, distribution, etc. | New York :GHQ Rawalpindi |
| Name of publisher, distributor, etc. | Columbia University Press,/Service book club |
| Date of publication, distribution, etc. | c2011. |
| 300 ## - PHYSICAL DESCRIPTION | |
| Extent | x, 239 p. ; |
| Dimensions | 23 cm. |
| 505 0# - FORMATTED CONTENTS NOTE | |
| Formatted contents note | Introduction: Memories in conflict -- Call to arms : Bengali nationalist rebellion -- Military inaction : power without responsibility -- Military action : "Operation Searchlight" in Dhaka -- Uncivil war : mobs, mutinies, and madness -- Village of widows : "securing" the countryside -- Hounding of Hindus : the politics of minority persecution -- Hit and run : sabotage and retribution -- Fratricide : death squads at war's end -- Words and numbers : memories and monstrous fables -- Appendix 1: Bibliographical note -- Appendix 2: List of interviewees. |
| 526 ## - STUDY PROGRAM INFORMATION NOTE | |
| Program name | 0 |
| Interest level | 0 |
| Reading level | 0 |
| Title point value | 954_920460000000000_BOS |
| 526 ## - STUDY PROGRAM INFORMATION NOTE | |
| Program name | 0 |
| Interest level | 0 |
| Reading level | 0 |
| Title point value | 954_920460000000000_BOS |
| 650 #0 - SUBJECT ADDED ENTRY--TOPICAL TERM | |
| Topical term or geographic name entry element | Collective memory |
| Geographic subdivision | Bangladesh. |
| 9 (RLIN) | 51293 |
| 650 #0 - SUBJECT ADDED ENTRY--TOPICAL TERM | |
| Topical term or geographic name entry element | Interviews |
| Geographic subdivision | Bangladesh. |
| 9 (RLIN) | 51294 |
| 650 #0 - SUBJECT ADDED ENTRY--TOPICAL TERM | |
| Topical term or geographic name entry element | War and society |
| Geographic subdivision | Bangladesh |
| General subdivision | History |
| 9 (RLIN) | 51295 |
| 650 #0 - SUBJECT ADDED ENTRY--TOPICAL TERM | |
| Topical term or geographic name entry element | War victims |
| Geographic subdivision | Bangladesh |
| 9 (RLIN) | 51296 |
| 856 42 - ELECTRONIC LOCATION AND ACCESS | |
| Uniform Resource Identifier | <a href="http://www.h-net.org/reviews/showrev.php?id=34415">http://www.h-net.org/reviews/showrev.php?id=34415</a> |
| 942 ## - ADDED ENTRY ELEMENTS (KOHA) | |
| Source of classification or shelving scheme | |
| Koha item type | Book |
| Withdrawn status | Lost status | Source of classification or shelving scheme | Damaged status | Not for loan | Permanent Location | Current Location | Date acquired | Total Checkouts | Total Renewals | Full call number | Barcode | Date last seen | Date last checked out | Price effective from | Koha item type |
|---|---|---|---|---|---|---|---|---|---|---|---|---|---|---|---|
| Military College of Engineering (MCE) | Military College of Engineering (MCE) | 01/15/2018 | 7 | 1 | 954.92046 BOS | MCE-50559 | 07/21/2020 | 03/18/2020 | 01/15/2018 | Book | |||||
| Military College of Engineering (MCE) | Military College of Engineering (MCE) | 06/24/2020 | 1 | 954.92046 BOS | MCE-51450 | 09/30/2020 | 09/08/2020 | 06/24/2020 | Book |
